000 003230000a22001090004500
090 _aAS
_bSeriadas
245 1 0 _aActividad investigativa en biodiversidad en Colombia
_sanálisis bibliométrico 1995-1999
041 0 _aEspañol
100 1 _aRincón, Nadeyda
_9100358
942 _cARTICULO
773 1 _tBiosintesis
_h27
_q1-4
_d2001
999 _c16188
_d16188